|
|
|
|
| LEADER |
00000nam0a2200000 4500 |
| 001 |
90560 |
| 005 |
20231101213724.0 |
| 035 |
|
|
|a (RuTPU)RU\TPU\book\97106
|
| 090 |
|
|
|a 90560
|
| 100 |
|
|
|a 20060211d1966 k y0rusy50 ca
|
| 101 |
0 |
|
|a rus
|
| 102 |
|
|
|a RU
|
| 105 |
|
|
|a a z 001zy
|
| 200 |
1 |
|
|a Изменение состава и деформационного поведения глин при оползневых процессах
|f Л. А. Аносова
|
| 210 |
|
|
|a Москва
|c Наука
|d 1966
|
| 215 |
|
|
|a 79 с.
|c ил.
|
| 320 |
|
|
|a Библиогр.: с. 76-79
|
| 606 |
|
|
|a Глины
|x Физико-химические свойства
|2 stltpush
|3 (RuTPU)RU\TPU\subj\7359
|
| 606 |
|
|
|a Оползни
|x (геология)
|2 stltpush
|3 (RuTPU)RU\TPU\subj\47071
|9 66138
|
| 610 |
1 |
|
|a физико-механические свойства
|
| 610 |
1 |
|
|a морфология
|
| 675 |
|
|
|a 552.52
|v 3
|
| 675 |
|
|
|a 551.3
|v 3
|
| 700 |
|
1 |
|a Аносова
|b Л. А.
|g Лидия Александровна
|
| 801 |
|
1 |
|a RU
|b 63413507
|c 20060211
|g PSBO
|
| 801 |
|
2 |
|a RU
|b 63413507
|c 20171101
|g PSBO
|
| 942 |
|
|
|c BK
|